Federal Railroad Administration Final Report Comparative Evaluation of Rail and Truck Fuel Efficiency on Competitive Corridors (Record no. 603987)

000 -LEADER
fixed length control field 00407nam a2200133Ia 4500
008 - FIXED-LENGTH DATA ELEMENTS--GENERAL INFORMATION
fixed length control field 231017s9999 xx 000 0 und d
082 ## - DEWEY DECIMAL CLASSIFICATION NUMBER
Classification number 621.4023
082 ## - DEWEY DECIMAL CLASSIFICATION NUMBER
Author Mark COM
245 #0 - TITLE STATEMENT
Title Federal Railroad Administration Final Report Comparative Evaluation of Rail and Truck Fuel Efficiency on Competitive Corridors
245 #0 - TITLE STATEMENT
Statement of responsibility, etc. ICF International
260 ## - PUBLICATION, DISTRIBUTION, ETC.
Name of publisher, distributor, etc. ICF International
300 ## - PHYSICAL DESCRIPTION
Dimensions 30cm
942 ## - ADDED ENTRY ELEMENTS (KOHA)
Koha item type Report
Holdings
Withdrawn status Lost status Damaged status Not for loan Permanent Location Current Location Date acquired Total Checkouts Full call number Barcode Date last seen Price effective from Koha item type
        School of Civil and Environmental Engineering (SCEE) School of Civil and Environmental Engineering (SCEE) 10/17/2023   621.4023 COM NIT-6882 10/17/2023 10/17/2023 Report
© 2023 Central Library, National University of Sciences and Technology. All Rights Reserved.